000
00203 a2200097 4500
001
5563
100
_a
Zweng,CR
245
_a
flight engineers manual
260
_a
_b
Pan american
_c
090
_c
4570
_d
4570
942
_a
NUST-CAE
_c
M
_c
30901
999
_c
240636
_d
240636